000 00320cam a22001217a 4500
008 180718b1959 xxu||||| |||| 00| 0 eng d
082 _aD1x73 T335
100 _aThayer, Charles W.
245 _aDiplomat
_cby Charles W. Thayer
260 _aNew York
_bHarper & Brothers
_c1959
300 _axii, 299p
650 _aDiplomacy
999 _c424811
_d424811